| 000 -LEADER |
| fixed length control field |
00571nam a22001937a 4500 |
| 003 - CONTROL NUMBER IDENTIFIER |
| control field |
OSt |
| 005 - DATE AND TIME OF LATEST TRANSACTION |
| control field |
20250423112421.0 |
| 008 - FIXED-LENGTH DATA ELEMENTS--GENERAL INFORMATION |
| fixed length control field |
250423b ||||| |||| 00| 0 eng d |
| 020 ## - INTERNATIONAL STANDARD BOOK NUMBER |
| International Standard Book Number |
9788189928117 |
| Terms of availability |
Rs 595.00 (Combined price for Vol.1 & 2) |
| 040 ## - CATALOGING SOURCE |
| Transcribing agency |
imukc |
| 082 ## - DEWEY DECIMAL CLASSIFICATION NUMBER |
| Classification number |
510 |
| Item number |
S5313 |
| 100 ## - MAIN ENTRY--PERSONAL NAME |
| 9 (RLIN) |
5843 |
| Personal name |
Sharma, R. D. |
| Titles and words associated with a name |
Dr. |
| 245 ## - TITLE STATEMENT |
| Title |
Mathematics : class xii. volume 2 / |
| Statement of responsibility, etc. |
R.D. Sharma. |
| 250 ## - EDITION STATEMENT |
| Edition statement |
6th ed. |
| 260 ## - PUBLICATION, DISTRIBUTION, ETC. |
| Place of publication, distribution, etc. |
New Delhi : |
| Name of publisher, distributor, etc. |
Dhanpat Rai Publications, |
| Date of publication, distribution, etc. |
2013. |
| 300 ## - PHYSICAL DESCRIPTION |
| Extent |
33.31 + A16 p. : |
| Other physical details |
ill. ; |
| Dimensions |
24 cm |
| 650 #0 - SUBJECT ADDED ENTRY--TOPICAL TERM |
| 9 (RLIN) |
31 |
| Topical term or geographic name entry element |
Mathematics |
| 942 ## - ADDED ENTRY ELEMENTS (KOHA) |
| Source of classification or shelving scheme |
|
| Koha item type |
Books |